| 000 | 00694nam a22002297a 4500 | ||
|---|---|---|---|
| 005 | 20171009152304.0 | ||
| 010 | _aENG-120765 | ||
| 020 |
_a9789352606955 _c575.00 |
||
| 020 |
_a9352606957 _c575.00 |
||
| 035 | _aEN-104297 | ||
| 037 | _bDBAD/PUB | ||
| 082 | _a530.2462 | ||
| 100 | _aMalik,Hitendra K. | ||
| 245 |
_a Engineering physics / _cby Hitendra k. Malik [and] Ajay Kumar Singh |
||
| 250 | _a2nd | ||
| 260 |
_aNoida _bMcGraw Hill education _c2018 |
||
| 270 |
_aB-4, Sector-63,Dist. Gautam Budh Nagar _bNoida,(UP) _e201301 |
||
| 300 |
_axxiii,808 _bill. _c24cm(pbk) |
||
| 500 | _aIncludes index | ||
| 700 | _aAjay kumar Singh | ||
| 942 |
_2ddc _cEN _h530.2462 _mENG |
||
| 999 |
_c146324 _d146324 |
||